| 000 | 01125nam a2200253Ia 4500 | ||
|---|---|---|---|
| 003 | OSt | ||
| 005 | 20200818182349.0 | ||
| 008 | 191128s1995 ck gr f000 0 spa d | ||
| 040 |
_aCO-JMCR _cCO-JMCR |
||
| 041 | 0 | _aspa | |
| 082 | 0 | 4 |
_a346.013026 / _bC718m _223 |
| 110 | 1 |
_aColombia. _bMinisterio de Trabajo y Seguridad Social _97958 |
|
| 240 | 1 | 0 | _aLeyes, decretos, etc. |
| 245 | 1 | 0 |
_aManual único para la calificación de la invalidez : _bdecretos 692, 1436 de 1995 / |
| 260 |
_aBogotá : _bMinisterio de Trabajo y Seguridad Social, _c1995 |
||
| 300 |
_a405 páginas ; _c23 cm. |
||
| 505 | 0 | _aSistemas músculo esquelético -- Sistema nervioso periférico -- Reumatología -- Aparato respiratorio -- Aparato digestivo -- Sistema genital unitario -- Sistema cardiovascular -- Enfermedad neoplásica maligna | |
| 650 | 1 | 4 |
_aEnfermedades laborales Decreto 692 de 1995 _98876 |
| 650 | 1 | 4 |
_aInválidos _xlegislación _vmanuales _zColombia _98877 |
| 650 | 1 | 4 |
_aSeguros de invalidez _zColombia _98878 |
| 650 | 2 | 4 |
_aInvalidez _xSeguro Social _zColombia _98879 |
| 650 | 2 | 4 |
_aMuerte _xSeguro Social _zColombia _98880 |
| 942 |
_2ddc _cBK |
||
| 999 |
_c5906 _d5906 |
||